Countries with 50+ billionaires - Statistics

General Stats
  • This quiz has been taken 27 times
  • The average score is 12 of 13
Answer Stats
Hint Answer % Correct
China
100%
Germany
100%
India
96%
Russia
96%
United Kingdom
96%
939 United States
96%
Canada
92%
France
92%
Italy
92%
Brazil
88%
Sweden
85%
Singapore
62%
Taiwan
58%
No matching quizzes found
Score Distribution
Percent of People with Each Score
Percentile by Number Answered
Your Score History
You have not taken this quiz